00519nam a2200193 a 4500001001300000003000900013005001700022008004100039020002300080082002100103100001800124245005900142260003600201300000900237500003500246505001000281650001600291700001800307nice12345678IN_TiNIC20260116013738.0050524s1998 newa grp 000 0 eng  a8173044 c18000a306.0899145bKLA aKlass, Morton aCasteb the Emergence of the South Asian Social System aNew Delhi bManohar Pub. c1998 a212p aincludes index and biblioraphy2 aIndex aCaste-India1 aKlass, Morton